00980cam a22002891 4500001001300000003000400013005001700017008004100034010001700075025003000092035001900122040001900141042001200160043002100172050002000193082001200213110006700225245007300292260005600365300002300421500001700444505006200461650005200523710003900575740005900614999001700673sa 65008313 DLC20260227112155.0820319m19649999pk a 000 0 eng  asa 65008313  aPL480:P-E-549, 1233, 1348 a(OCoLC)9800781 aDLCcMnSUdDLC apremarc aa-pk---aa-bg---00aHD9866.P33bK36 a333.1/12 aPakistan Institute of Cotton Research and Technology, Karachi.00aReport on the productivity and efficiency of selected textile mills. aKarachi,bPakistan Central Cotton Committee,c1964- av.billus.c25 cm. aCover title.1 a[1] Karachi area.--[2] East Pakistan.--[3] West Pakistan. 0aTextile industryxLabor productivityzPakistan.2 aPakistan Central Cotton Committee.0 aProductivity and efficiency of selected textile mills. c65692d65692